[Event "TUR-chT2"]
[White "Turkmen, Erkan"]
[Black "Tayhan, Samil Burak"]
[Site "Konya"]
[Round "8.16"]
[Result "0-1"]
[Date "2018.07.14"]
[WhiteElo "1413"]
[BlackElo "1663"]
[PlyCount "66"]
[EventDate "2018.07.10"]
[EventType "team-swiss"]
[EventRounds "9"]
[EventCountry "TUR"]
[SourceTitle "EXT 2019"]
[Source "ChessBase"]
[SourceDate "2018.10.10"]
[SourceVersion "1"]
[SourceVersionDate "2018.10.10"]
[SourceQuality "1"]
[WhiteTeam "Polatli Belediyesi"]
[BlackTeam "Akcakoca Esentepe Okulu"]
[WhiteTeamCountry "TUR"]
[BlackTeamCountry "TUR"]

1. e4 c5 2. Nf3 d6 3. d4 cxd4 4. Nxd4 Nf6 5. Nc3 a6 6. Bg5 Nbd7 7. f3 Qc7 8. Qd2 e6 9. 0-0-0 Be7 10. Kb1 0-0 11. h4 Rb8 12. g4 b5 13. Bh3 b4 14. Nce2 Nc5 15. Rhe1 a5 16. Nf4 h6 17. Bxf6 Bxf6 18. g5 hxg5 19. hxg5 Bxd4 20. g6 Be5 21. Rg1 Bxf4 22. Qxf4 fxg6 23. Qg5 Qd8 24. Qxg6 Qf6 25. Qg3 Na4 26. e5 Qxe5 27. Qxe5 dxe5 28. Rd3 Kf7 29. Rd6 Ke7 30. Rc6 Kf6 31. Rg4 Bb7 32. Rc7 Rf7 33. Rxf7+ Kxf7 0-1

[Event "TUR-chT2"]
[White "Celik, Muhammed Yusuf"]
[Black "Turkmen, Erkan"]
[Site "Konya"]
[Round "4.16"]
[Result "1/2-1/2"]
[Date "2018.07.12"]
[WhiteElo "1515"]
[BlackElo "1413"]
[PlyCount "121"]
[EventDate "2018.07.10"]
[EventType "team-swiss"]
[EventRounds "9"]
[EventCountry "TUR"]
[SourceTitle "EXT 2019"]
[Source "ChessBase"]
[SourceDate "2018.10.10"]
[SourceVersion "1"]
[SourceVersionDate "2018.10.10"]
[SourceQuality "1"]
[WhiteTeam "Aydin Zeybek"]
[BlackTeam "Polatli Belediyesi"]
[WhiteTeamCountry "TUR"]
[BlackTeamCountry "TUR"]

1. d4 d5 2. c4 Nf6 3. cxd5 Qxd5 4. Nc3 Qd8 5. Nf3 e6 6. e4 Bb4 7. Bd3 Bxc3+ 8. bxc3 c5 9. 0-0 cxd4 10. cxd4 0-0 11. e5 Nd5 12. Bxh7+ Kxh7 13. Ng5+ Kg6 14. Qg4 f5 15. exf6 Kxf6 16. Nh7+ Kf7 17. Qh5+ Kg8 18. Nxf8 Qxf8 19. a4 Nc6 20. Rd1 Qf7 21. Qh4 Bd7 22. Rd3 Rf8 23. Rh3 Qg6 24. Ba3 Re8 25. Rg3 Qf6 26. Qg4 Qxd4 27. Rd1 Qxg4 28. Rxg4 Ne5 29. Rg3 Bxa4 30. Rb1 Bc6 31. Bb2 Nc4 32. Bxg7 Kf7 33. Bd4 a6 34. h4 e5 35. Ba1 Nf4 36. Re1 b5 37. Bc3 a5 38. Kh2 b4 39. Ba1 a4 40. Rc1 Bd5 41. Rg4 Ke6 42. g3 b3 43. gxf4 Kf5 44. Kg3 b2 45. Bxb2 Nxb2 46. Rg5+ Kf6 47. fxe5+ Rxe5 48. Rxe5 Kxe5 49. Kg4 Nd3 50. Ra1 Nxf2+ 51. Kh5 Bf7+ 52. Kh6 Bb3 53. Kg6 Bc2+ 54. Kg7 Nh3 55. h5 Ng5 56. h6 Ne6+ 57. Kf7 Ng5+ 58. Kg7 Kd4 59. Rxa4+ Bxa4 60. h7 Nxh7 61. Kxh7 1/2-1/2